Aircraft Registrations by Country - Statistics

General Stats
  • This quiz has been taken 107 times
  • The average score is 14 of 19
Answer Stats
Hint Answer % Correct
D- Germany
100%
F- France
96%
N- USA
87%
G- United Kingdom
85%
LX- Luxembourg
83%
I- Italy
80%
PH- Netherlands
78%
HB- Switzerland
78%
A6- UAE
74%
OE- Austria
72%
9H- Malta
72%
SE- Sweden
70%
A7- Qatar
67%
OK- Czech Republic
65%
RA- Russia
65%
TC- Turkey
63%
YU- Serbia
61%
M- Isle of Man
43%
VP- British Virgin Islands
11%
No matching quizzes found
Score Distribution
Percent of People with Each Score
Percentile by Number Answered
Your Score History
You have not taken this quiz